| 000 | 00685nam a2200229 i 4500 | ||
|---|---|---|---|
| 001 | 10492 | ||
| 003 | ES-MaACL | ||
| 005 | 20250723061827.0 | ||
| 007 | t| | ||
| 008 | 950712s1994 sp ||||1| spa d | ||
| 020 | _a84-8155-031-0 | ||
| 080 | _a34(37)(075.8) | ||
| 100 | 1 |
_aGarcía Garrido, Manuel J. _954676 |
|
| 245 | 1 | 0 |
_aDerecho privado romano _b: acciones, casos, instituciones / _cManuel J. García Garrido. |
| 250 | _a5ª ed. reimp. rev. | ||
| 260 |
_aMadrid : _bDykinson, _c1994. |
||
| 300 |
_aXXXIV, 1008 p. ; _c23 cm. |
||
| 500 | _aIndices. | ||
| 650 | 1 | 7 |
_aDerecho romano _2embne _911764 |
| 852 |
_aES-MaACL _jL-17833 _bR.123993 |
||
| 999 |
_c10492 _d10492 |
||